Images Un: Lectures faciles (Record no. 21358)

MARC details
000 -LEADER
fixed length control field 00682nam a22002057a 4500
003 - CONTROL NUMBER IDENTIFIER
control field OSt
005 - DATE AND TIME OF LATEST TRANSACTION
control field 20260202144857.0
008 - FIXED-LENGTH DATA ELEMENTS--GENERAL INFORMATION
fixed length control field 260202b |||||||| |||| 00| 0 eng d
020 ## - INTERNATIONAL STANDARD BOOK NUMBER
International Standard Book Number 0669434973
040 ## - CATALOGING SOURCE
Transcribing agency Chuka University Library
050 ## - LIBRARY OF CONGRESS CALL NUMBER
Classification number PC 2129
Item number .V35 1999
100 ## - MAIN ENTRY--PERSONAL NAME
Personal name Valette, Jean-Paul., Rebecca M. Valette., & Marie-Claire Antoine
9 (RLIN) 22930
245 ## - TITLE STATEMENT
Title Images Un: Lectures faciles
260 ## - PUBLICATION, DISTRIBUTION, ETC.
Place of publication, distribution, etc. Evanston
Name of publisher, distributor, etc. McDougal Littell
Date of publication, distribution, etc. 1999
300 ## - PHYSICAL DESCRIPTION
Extent 151p.
Other physical details Illustrated
650 ## - SUBJECT ADDED ENTRY--TOPICAL TERM
Topical term or geographic name entry element French language---Readers
9 (RLIN) 22906
650 ## - SUBJECT ADDED ENTRY--TOPICAL TERM
Topical term or geographic name entry element French language---Study and teaching
9 (RLIN) 22907
650 ## - SUBJECT ADDED ENTRY--TOPICAL TERM
Topical term or geographic name entry element French language---Textbooks for foreign speakers
9 (RLIN) 22931
942 ## - ADDED ENTRY ELEMENTS (KOHA)
Source of classification or shelving scheme Library of Congress Classification
Koha item type Long Loan Books
Suppress in OPAC No
Holdings
Withdrawn status Lost status Source of classification or shelving scheme Damaged status Not for loan Collection Home library Current library Shelving location Date acquired Source of acquisition Cost, normal purchase price Total Checkouts Full call number Barcode Date last seen Copy number Price effective from Koha item type
    Library of Congress Classification     General Collection Books Chogoria Campus Library Chogoria Campus Library General Stacks 02/02/2026 Donation from Books for Africa 1257.00   PC 2129 .V35 1999 V.1 29849/2026 02/02/2026 3 02/02/2026 Long Loan Books
    Library of Congress Classification     General Collection Books Chogoria Campus Library Chogoria Campus Library General Stacks 02/02/2026 Donations from books for Africa     PC 2129 .V35 1999 V.1 C.4 29884/2028 19/03/2026 4 19/03/2026 Long Loan Books
    Library of Congress Classification     General Collection Books Igembe Campus Library Igembe Campus Library General Stacks 02/02/2026 Donations from books for Africa     PC 2129 .V35 1999 V.1 C.5 31156/2026 19/03/2026 5 19/03/2026 Long Loan Books
    Library of Congress Classification     General Collection Books Igembe Campus Library Igembe Campus Library General Stacks 02/02/2026 Donations from books for Africa     PC 2129 .V35 1999 V.1 C.6 31240/2026 19/03/2026 6 19/03/2026 Long Loan Books
    Library of Congress Classification     General Collection Books Main Campus Library Main Campus Library General Stacks 02/02/2026 Donation from Books for Africa 1257.00   PC 2129 .V35 1999 V.1 29883/2026 02/02/2026 1 02/02/2026 Long Loan Books
    Library of Congress Classification     General Collection Books Main Campus Library Main Campus Library General Stacks 02/02/2026 Donation from Books for Africa 1257.00   PC 2129 .V35 1999 V.1 29850/2026 02/02/2026 2 02/02/2026 Long Loan Books
    Library of Congress Classification     General Collection Books Main Campus Library Main Campus Library General Stacks 14/05/2026 Donation from Books for Africa 1257.00   PC 2129 .V35 1999 V.1 31846/2026 14/05/2026 9 14/05/2026 Long Loan Books
    Library of Congress Classification     General Collection Books Nairobi City Campus Library Nairobi City Campus Library General Stacks 02/02/2026 Donations from books for Africa     PC 2129 .V35 1999 V.1 C.7 31239/2026 19/03/2026 7 19/03/2026 Long Loan Books
    Library of Congress Classification     General Collection Books Nairobi City Campus Library Nairobi City Campus Library General Stacks 02/02/2026 Donations from books for Africa     PC 2129 .V35 1999 V.1 C.8 39214/2026 19/03/2026 8 19/03/2026 Long Loan Books

Powered by Koha